Primeiro Congreso celebrado na cidade do Porto de 26 de junho a 1 de julho de 1921 juntamente com o oitavo Congresso da Associaçao Espanhola para Progresso das Ciências (Record no. 20044)

MARC details
000 -LEADER
campo de control de longitud fija 00829nam a2200193 i 4500
001 - NÚMERO DE CONTROL
campo de control 20044
003 - IDENTIFICADOR DE NÚMERO DE CONTROL
campo de control ES-MaACL
005 - FECHA Y HORA DE LA ÚLTIMA TRANSACCIÓN
campo de control 20230906152224.0
007 - CAMPO FIJO DE DESCRIPCIÓN FÍSICA--INFORMACIÓN GENERAL
campo de control de longitud fija t|
008 - DATOS DE LONGITUD FIJA--INFORMACIÓN GENERAL
campo de control de longitud fija 021121s1922 po ||||1| por d
080 ## - NÚMERO DE LA CLASIFICACIÓN DECIMAL UNIVERSAL
Número de la Clasificación Decimal Universal 001:061.3(100)"1922"
110 2# - ENTRADA PRINCIPAL--NOMBRE DE ENTIDAD CORPORATIVA
Nombre de entidad corporativa o nombre de jurisdicción como elemento de entrada Associaçao Portuguesa para Progresso das Ciencias (
Número del congreso/reunión o número de parte o sección 1º.
Fecha del congreso o de la firma del tratado 1921.
Sede del congreso/Lugar de la reunión Porto)
9 (RLIN) 1803
245 10 - MENCIÓN DEL TÍTULO
Título Primeiro Congreso celebrado na cidade do Porto de 26 de junho a 1 de julho de 1921 juntamente com o oitavo Congresso da Associaçao Espanhola para Progresso das Ciências
Resto del título : Sessoes plenárias.
260 ## - PUBLICACIÓN, DISTRIBUCIÓN, ETC.
Lugar de publicación, distribución, etc. Coimbra :
Nombre del editor, distribuidor, etc. [s.n.],
Fecha de publicación, distribución, etc. 1922 (
Fabricante Imp. da Universidade)
300 ## - DESCRIPCIÓN FÍSICA
Extensión 176 p. ;
Dimensiones 25 cm.
650 ## - PUNTO DE ACCESO ADICIONAL DE MATERIA--TÉRMINO DE MATERIA
Término de materia o nombre geográfico como elemento de entrada Ciencia-
Subdivisión de forma Congresos y asambleas.
9 (RLIN) 10938
710 2# - ENTRADA AGREGADA--NOMBRE DE ENTIDAD CORPORATIVA
Nombre de entidad corporativa o nombre de jurisdicción como elemento de entrada Asociación Española para el Progreso de las Ciencias (
Número del congreso/reunión o número de parte o sección 8º.
Fecha del congreso o de la firma del tratado 1921.
Sede del congreso/Lugar de la reunión Porto)
9 (RLIN) 1690
852 ## - LOCALIZACIÓN
Ubicación ES-MaACL
Número de control de estantería B-13867
Holdings
Estatus retirado Estado de pérdida Estado de daño No para préstamo Biblioteca de origen Biblioteca actual Ubicación en estantería Fecha de adquisición Fuente de adquisición Total de préstamos Signatura topográfica completa Código de barras Visto por última vez Precio de reemplazo Tipo de ítem Koha
        Biblioteca del Ateneo de Madrid Biblioteca del Ateneo de Madrid Sala Pardo Bazán 17/01/2008     B-13867 1020540 23/02/2023 23/02/2023 Libro impreso